• 首页
  • 本馆介绍
  • 公告通知
  • 最新文献
  • 馆藏检索
  • 电子资源
  • 读者导购
  • 参考咨询
  • 我的图书馆
  • 登录
  • 详细信息显示
  • 放入我的书架
  • 预约/预借图书
  • 作者相关作品
  • 分类相关作品
  • 丛书相关作品
  • 出版社相关作品

书目信息

  • 表格格式
  • 工作单格式
  • 卡片格式
题名:
工商行政管理法律知识问答
    
 
作者: ;国家工商行政管理局法规司 , 国家工商行政管理局法规司 编写
分册:  
出版信息: 北京   经济管理出版社  2000
页数: 312页
开本: 20cm
丛书名:
单 册:
中图分类: D922.292.4
科图分类:
主题词: 法律 , 工商行政管理 , 工商行政管理--法律--基本知识--中国
电子资源:
ISBN: 7-80118-945-0
000 01398nam0 2200373 450
000 01366nam0 2200361 450
000 01329nam0 2200349 450
000 01292nam0 2200337 450
000 01255nam0 2200325 450
000 01218nam0 2200313 450
000 01031nam0 2200301 450
000 00994nam0 2200289 450
000 00927nam0 2200265 450
001 0104000022
005 20061101091317.95
010    @a7-80118-945-0@dCNY20.00
100    @a20050927d2000 em y0chiy0110 ea
101 0  @achi
102    @aCN@b110000
105    @ay z 000yy
200 1  @a工商行政管理法律知识问答@Agong shang hang zheng guan li fa lu zhi shi wen da@f国家工商行政管理局法规司编写@Fguo jia gong shang hang zheng guan li ju fa gui si bian xie
210    @a北京@c经济管理出版社@d2000
215    @a312页@d20cm
330    @a本书共6部分,包括企业登记管理、市场监督管理、广告监督管理、商标注册管理等。
606 0  @a法律
606 0  @a工商行政管理
606 0  @a工商行政管理@x法律@x基本知识@y中国
690    @aD922.292.4@v4
711 02 @a国家工商行政管理局法规司@9guo jia gong shang xing zheng guan li ju fa gui si@4编写
711  0 @a国家工商行政管理局法规司@Aguo jia gong shang hang zheng guan li ju fa gui si@4编写
801  0 @aCN@b北京荣雅伟业图书经销中心@c20061101
905    @aBZT@dD922.292.4@e148
906    @dCNY20.00@n0@r1
    
    工商行政管理法律知识问答/国家工商行政管理局法规司编写.-北京:经济管理出版社,2000
    312页;20cm
    
    
    ISBN 7-80118-945-0:CNY20.00
    本书共6部分,包括企业登记管理、市场监督管理、广告监督管理、商标注册管理等。
●
相关链接 在五车中查询图书 在当当中查询图书 在豆瓣中查询图书


正题名:工商行政管理法律知识问答     索取号:D922.292.4/148         预约/预借

序号 登录号 条形码 馆藏地/架位号 状态 备注
1 516051   230087583   中心书库南/013架A面5层9列/ [索取号:D922.292.4/148] 在馆    
2 516052   230087590   中心书库南/013架A面5层9列/ [索取号:D922.292.4/148] 在馆    
3 516053   230087585   中心书库南/013架A面5层9列/ [索取号:D922.292.4/148] 在馆    
4 516054   230087587   中心书库南/013架A面5层9列/ [索取号:D922.292.4/148] 在馆    
5 516055   230087589   中心书库南/013架A面5层9列/ [索取号:D922.292.4/148] 在馆    
6 720202   2000720202   中心书库南/013架A面5层9列/ [索取号:D922.292.4/148] 在馆    
7 720203   2000720203   中心书库南/013架A面5层9列/ [索取号:D922.292.4/148] 在馆    
8 720204   2000720204   中心书库南/013架A面5层9列/ [索取号:D922.292.4/148] 在馆    
9 720205   2000720205   中心书库南/013架A面5层9列/ [索取号:D922.292.4/148] 在馆    
10 720206   2000720206   中心书库南/013架A面5层9列/ [索取号:D922.292.4/148] 在馆    
11 720207   2000720207   中心书库南/013架A面5层9列/ [索取号:D922.292.4/148] 在馆    
12 720208   2000720208   中心书库南/013架A面5层9列/ [索取号:D922.292.4/148] 在馆    
13 720209   2000720209   中心书库南/013架A面5层9列/ [索取号:D922.292.4/148] 在馆    
14 720210   2000720210   中心书库南/013架A面5层9列/ [索取号:D922.292.4/148] 在馆    
15 720211   2000720211   中心书库南/013架A面5层9列/ [索取号:D922.292.4/148] 在馆    
山东省滨州职业学院图书馆 欢迎您!
大连网信软件有限公司© 版权所有